000
00317nam a2200121 a 4500
005
20140414131925.0
008
101027s19uu xx 00 eng d
050
_a
ER
_b
W72 1998
100
_a
Milne, A. A.
245
_a
Eeyore loses his tail...again.
260
_a
Montreal, Canada :
_b
Disney,
_c
1998.
999
_c
111940
_d
111940